|
|
|
|
| LEADER |
00588 a2200169 4500 |
| 008 |
161117b xxu||||| |||| 00| 0 mal d |
| 999 |
|
|
|c 112069
|d 112069
|
| 020 |
|
|
|a 9788126464326
|
| 082 |
|
|
|a 791.4372O PAD/O
|
| 100 |
|
|
|a Padmarajan, P
|
| 245 |
|
|
|a Oridathoru fayalvan /
|c P Padmarajan
|
| 260 |
|
|
|b D C books,
|c 2015.
|a Kottayam:
|
| 300 |
|
|
|a 94p.
|c 21cm.
|
| 546 |
|
|
|a In malayalam
|
| 650 |
|
|
|a Screenplay
|
| 942 |
|
|
|2 ddc
|c BK
|
| 952 |
|
|
|0 0
|1 0
|2 ddc
|4 0
|6 791_000000000000000_4372O_PAD_O_M
|7 0
|9 117858
|a UL
|b UL
|c ST1
|d 2016-07-01
|e 176
|g 53.60
|l 5
|m 1
|o 791.4372O PAD/O M
|p 94438
|r 2018-09-28
|s 2018-09-27
|v 80.00
|y BK
|